Регионална библиотека "Любен Каравелов" - Русе

Солови песни (Запис номер 370751)

MARC детайли
000 -Лидер
Контролно поле с фиксирана дължина 00902ncm a2200277 a 4500
003 - Код на организацията, давaща контролен номер
Контролно поле BLK
005 - Дата и час на последна редакция
Контролно поле 20230802005141.0
008 - Елементи от данни с фиксирана дължина
fixed length control field 180414b bul |a|er|||| |0| c|bulo|
010 ## - Наследен системен номер
LC control number NOT00002119000
040 ## - Източник на каталожния запис
Идентификатор на билиотеката - собственик на записа BLK
041 ## - Код за език
Код за езика на текст/звукозапис или на отделно заглавие Български
Код за езика КДБФ Български
080 ## - УДК
Текстов определител УДК Вокална музика
УДК код - определител по УДК 784
УДК определител 784
139 ## - Редно поле
Редна дума Владигеров, Панчо
Авторски знак Влад - В 68
245 10 - Сведения за заглавието
Заглавие Солови песни
Редно поле (дума) Панчо Владигеров
Том т. 1. Песни за висок глас
257 ## - Страна на издаване
Страна на създаване/издаване Русия
260 ## - Област на издателските данни
Име на издателя, разпространителя и проч. Музика
Година на издаване 1984
9 (RLIN) 209430
Място на издаване, разпространение и проч. София
Издателство - префикс ISBN 978-954-405-
300 ## - Физическа характеристика
Страници 160 с.
Размери/Мащаб 30 см
380 ## - Жанр
Жанр Изкуство
650 #7 - Допълнително описание по предмет – тема
Основно описание – тема или топоним Вокални произведения
9 (RLIN) 151227
653 #7 - Ключова дума – ненормативна
Ключова дума висок глас
9 (RLIN) 183324
852 ## - Местоположение
Форматна сигнатура Цб М ІІ 9669
Част 0
856 4# - Електронен адрес и достъп
Електронен формат pdf - файл
Път до файла /url/
999 ## - СИСТЕМНИ КОНТРОЛНИ НОМЕРА
Koha biblionumber 370751
Koha biblioitemnumber 370751
942 ## - АРТИКУЛИ
Вид на библиотечния материал Нотни издания
Скрит в OPAC Не
Периодичен библиозапис Да
944 ## - СЪЗДАВАНЕ И РЕДАКЦИЯ на ЗАПИСА
Създаване/Редакция Създаване
Дата на регистрацията/редакция 2020-06-24
Служител, извършил регистрацията/редакцията
Статус, дата на статуса CRON CRON
999 ## - СИСТЕМНИ КОНТРОЛНИ НОМЕРА
Koha biblioitemnumber 355473
Наличности
Код за отписване Код за изгубен артикул Източник на класификационната схема Код за повреда Коз за рестрикции Код за отдаване Артикулен № Име на библиотеката - собственик Име на библиотеката, в която се намира в момента Статус (Текущо местоположение) Дата на вписване в системата Местоположение - отдел Цена в лева Инвентарен номер Систематично азбучна сигнатура Баркод Цена в евро Служебен тип на артикула
  Не е изгубен Universal Decimal Classification Не е повреден само за читалня ползва се в читалня 778556 Регионална библиотека "Любен Каравелов" Русе Регионална библиотека "Любен Каравелов" Русе Хранилище 2020-06-25 Хранилище 8.99 413854 Цб М II 9669 900000022759 4.60 Нотни издания
Vip Innovations Ltd, Rousse, Bulgaria 2025